[Event "American Cup Champ (Women)"]
[Site "Saint Louis"]
[Date "2024.03.14"]
[Round "1.3"]
[White "Abrahamyan, Tatev"]
[Black "Lee, Alice"]
[Result "1/2-1/2"]
[WhiteElo "2308"]
[BlackElo "2356"]
[PlyCount "82"]
[EventDate "2024.03.12"]
[EventType "k.o."]
[EventRounds "3"]
[EventCountry "USA"]
[SourceTitle "CB12_2024"]
[SourceDate "2023.10.01"]
[SourceVersion "1"]
[SourceVersionDate "2023.10.01"]
[SourceQuality "1"]

1. e4 e5 2. Nf3 Nf6 3. d4 Nxe4 4. dxe5 d5 5. Nbd2 Qd7 6. Be2 Nc6 7. 0-0 Be7 8. c3 0-0 9. Bd3 Qf5 10. Re1 Rd8 11. Nf1 Nxe5 12. Ng3 Qf6 13. Nxe5 Qxe5 14. f3 Bc5+ 15. Be3 Qg5 16. Qc1 Nxg3 17. Bxc5 Qxc1 18. Raxc1 Nf5 19. Re5 g6 20. g4 Ng7 21. Be7 Re8 22. Rce1 c6 23. Kf2 Bd7 24. Kg3 Ne6 25. Bd6 Nf8 26. f4 f6 27. Re7 Rxe7 28. Rxe7 Re8 29. f5 g5 30. Kf3 Rxe7 31. Bxe7 Kf7 32. Bd6 Bc8 33. Ke3 Nd7 34. Kd4 b6 35. b4 b5 36. Be2 Bb7 37. Bd3 a6 38. Be2 Ba8 39. Bd3 Bb7 40. Be2 Ba8 41. Bd3 Bb7 1/2-1/2

[Event "Swiss Queens Wed #1"]
[Site "FIDE Online Arena INT"]
[Date "2024.01.31"]
[Round "5"]
[White "Pujari, Rucha"]
[Black "Abrahamyan, Tatev"]
[Result "0-1"]
[WhiteElo "2181"]
[BlackElo "2311"]
[PlyCount "136"]
[EventDate "2024.01.31"]
[EventType "swiss (blitz)"]
[EventRounds "11"]
[EventCountry "NET"]
[SourceTitle "CB06_2024"]
[SourceDate "2024.02.07"]
[SourceVersion "1"]
[SourceVersionDate "2024.02.07"]
[SourceQuality "1"]

1. d4 Nf6 2. c4 e6 3. Nf3 d5 4. Nc3 dxc4 5. e3 a6 6. Bxc4 b5 7. Bd3 Bb7 8. Rg1 c5 9. a3 Nc6 10. dxc5 Bxc5 11. b4 Be7 12. Bb2 Rc8 13. Qe2 Nxb4 14. axb4 Bxb4 15. Bxb5+ Kf8 16. Bxa6 Bxa6 17. Qxa6 Nd5 18. Ke2 Bxc3 19. Rgb1 g6 20. Kf1 Kg7 21. Bxc3+ Nxc3 22. Rc1 Qd7 23. Ne5 Qd5 24. Ra5 Qd2 25. Raa1 Ra8 26. Qd3 Qxd3+ 27. Nxd3 Rxa1 28. Rxa1 Rd8 29. Ne5 f6 30. Nc6 Rd6 31. Nd4 e5 32. Nf3 g5 33. g4 Kg6 34. Kg2 Rb6 35. Rc1 Ne4 36. Rc2 Nd6 37. h3 h5 38. Nd2 hxg4 39. hxg4 Rb4 40. f3 e4 41. Kg3 exf3 42. Nxf3 Ne4+ 43. Kh3 Rb3 44. Rc6 Rxe3 45. Kg2 Re2+ 46. Kg1 Nd2 47. Nd4 Re4 48. Ne6 Rxg4+ 49. Kf2 Re4 50. Nc5 Re7 51. Kg3 Ne4+ 52. Nxe4 Rxe4 53. Kf3 Re5 54. Kg3 Kf5 55. Ra6 Re3+ 56. Kf2 Re6 57. Ra5+ Kg4 58. Ra4+ Kh5 59. Ra8 f5 60. Rh8+ Kg4 61. Ra8 f4 62. Ra5 Rb6 63. Ra2 Rb5 64. Kg2 Kf5 65. Kf2 g4 66. Kg2 g3 67. Kf3 Rb3+ 68. Kg2 Kg4 0-1

[Event "USA-ch (Women)"]
[Site "Saint Louis"]
[Date "2023.10.16"]
[Round "10"]
[White "Yan, Rui Yang"]
[Black "Abrahamyan, Tatev"]
[Result "0-1"]
[WhiteElo "2206"]
[BlackElo "2262"]
[PlyCount "130"]
[EventDate "2023.10.05"]
[EventType "tourn"]
[EventRounds "11"]
[EventCountry "USA"]
[EventCategory "3"]
[SourceTitle "EXT 2024"]
[Source "ChessBase"]
[SourceDate "2023.10.10"]
[SourceVersion "1"]
[SourceVersionDate "2023.10.10"]
[SourceQuality "1"]

1. e4 e6 2. d4 d5 3. Nc3 Nf6 4. e5 Nfd7 5. f4 c5 6. Nf3 Nc6 7. Be3 Rb8 8. Qd2 Qa5 9. Be2 b5 10. 0-0 b4 11. Nd1 Ba6 12. Nf2 Bxe2 13. Qxe2 cxd4 14. Nxd4 Nxd4 15. Bxd4 Bc5 16. Bxc5 Nxc5 17. f5 exf5 18. Qf3 0-0 19. Qxf5 Ne6 20. Ng4 Rbc8 21. Rf2 Qc5 22. Rd1 Rc6 23. Qd3 d4 24. Qf5 Nc7 25. Rd3 Rg6 26. h3 Ne6 27. h4 Qd5 28. b3 Qd8 29. Rh3 Qc8 30. Kh1 Nc5 31. Nh2 Qxf5 32. Rxf5 Ne4 33. Nf1 Rg4 34. Rhf3 Rxh4+ 35. Kg1 Nc5 36. Nd2 g6 37. R5f4 Rxf4 38. Rxf4 Ne6 39. Rf3 Rd8 40. Nc4 Rd5 41. Kf1 h5 42. Ke1 Nc5 43. Rf4 d3 44. Kd1 dxc2+ 45. Kxc2 Rd3 46. Nd6 Rg3 47. Rxf7 Rxg2+ 48. Kd1 h4 49. Rf3 g5 50. Nf5 Ne6 51. Ne7+ Kg7 52. Nf5+ Kh7 53. Ne3 Rg1+ 54. Kd2 Nf4 55. Nf1 Rg2+ 56. Ke3 Rxa2 57. Ke4 Kg6 58. Kd4 Re2 59. Ne3 h3 60. Rf1 h2 61. Rh1 Nh5 62. Ng4 Ng3 63. Rxh2 Re4+ 64. Kd5 Rxg4 65. Rg2 Nf5 0-1

[Event "USA-ch (Women)"]
[Site "Saint Louis"]
[Date "2023.10.15"]
[Round "9"]
[White "Abrahamyan, Tatev"]
[Black "Zatonskih, Anna"]
[Result "1-0"]
[WhiteElo "2262"]
[BlackElo "2363"]
[PlyCount "155"]
[EventDate "2023.10.05"]
[EventType "tourn"]
[EventRounds "11"]
[EventCountry "USA"]
[EventCategory "3"]
[SourceTitle "EXT 2024"]
[Source "ChessBase"]
[SourceDate "2023.10.10"]
[SourceVersion "1"]
[SourceVersionDate "2023.10.10"]
[SourceQuality "1"]

1. e4 e5 2. Nf3 Nf6 3. Nxe5 d6 4. Nf3 Nxe4 5. d4 Be7 6. Bd3 Nf6 7. h3 0-0 8. 0-0 Re8 9. Re1 c6 10. c4 d5 11. Nc3 Nbd7 12. cxd5 Nxd5 13. Nxd5 cxd5 14. Qb3 Nb6 15. a4 Bf6 16. Rxe8+ Qxe8 17. Bf4 Qd8 18. Qc2 h6 19. Bc7 Qe7 20. a5 Nc4 21. Bf4 Be6 22. b3 Nd6 23. Re1 Qd8 24. a6 bxa6 25. Qc6 Be7 26. Qxa6 Qb6 27. Qa4 Rb8 28. Rxe6 fxe6 29. Qd7 Rb7 30. Qxe6+ Nf7 31. Qxd5 Qxb3 32. Bc4 Qb1+ 33. Kh2 Bf6 34. Ne5 Bxe5 35. dxe5 Qf5 36. Bg3 Rd7 37. Qc6 Re7 38. e6 Nh8 39. Qd6 Ng6 40. Qd8+ Kh7 41. Qd6 Qe4 42. Bd5 Qf5 43. f4 a5 44. Bc4 a4 45. Qd4 Rxe6 46. Bxe6 Qxe6 47. Qxa4 Qf5 48. Qd4 h5 49. Kg1 Kg8 50. Kf2 Kf7 51. Kf3 Ne7 52. Bh4 Qd5+ 53. Qxd5+ Nxd5 54. Ke4 Nc7 55. f5 Ne8 56. Kf4 g6 57. Kg5 gxf5 58. Kxf5 Kg7 59. Kg5 Nf6 60. Be1 Kf7 61. Ba5 Ke6 62. Kg6 Nd5 63. Kxh5 Kf7 64. Kg5 Nf6 65. g4 Ne4+ 66. Kf4 Nf6 67. Bd8 Ne8 68. h4 Ng7 69. Ke5 Ne6 70. Bf6 Nf8 71. Kf5 Ng6 72. h5 Nf8 73. g5 Kg8 74. g6 Nd7 75. h6 Nf8 76. Bd4 Nh7 77. gxh7+ Kxh7 78. Kg5 1-0

[Event "WchT (Women) Final"]
[Site "Bydgoszcz"]
[Date "2023.09.10"]
[Round "2.3"]
[White "Arabidze, Meri"]
[Black "Abrahamyan, Tatev"]
[Result "1/2-1/2"]
[WhiteElo "2440"]
[BlackElo "2262"]
[PlyCount "45"]
[EventDate "2023.09.09"]
[EventType "team-k.o. (rapid)"]
[EventRounds "3"]
[EventCountry "POL"]
[SourceTitle "EXT 2024"]
[Source "ChessBase"]
[SourceDate "2023.10.10"]
[SourceVersion "1"]
[SourceVersionDate "2023.10.10"]
[SourceQuality "1"]
[WhiteTeam "Georgia (W)"]
[BlackTeam "United States (W)"]
[WhiteTeamCountry "GEO"]
[BlackTeamCountry "USA"]

1. d4 Nf6 2. c4 g6 3. g3 Bg7 4. Bg2 0-0 5. Nc3 d6 6. Nf3 Nc6 7. 0-0 a6 8. Bf4 Rb8 9. Rc1 Bd7 10. a3 b5 11. cxb5 axb5 12. e4 b4 13. axb4 Nxb4 14. h3 Qc8 15. Kh2 Qa6 16. Ra1 Qd3 17. Ra7 Rfc8 18. Be3 Qxd1 19. Rxd1 Nc6 20. Ra2 Nb4 21. Ra7 Nc6 22. Ra2 Nb4 23. Ra7 1/2-1/2

[Event "WchT (Women) Final"]
[Site "Bydgoszcz"]
[Date "2023.09.09"]
[Round "1.1"]
[White "Abrahamyan, Tatev"]
[Black "Buksa, Nataliya"]
[Result "1-0"]
[WhiteElo "2262"]
[BlackElo "2352"]
[PlyCount "104"]
[EventDate "2023.09.09"]
[EventType "team-k.o. (rapid)"]
[EventRounds "3"]
[EventCountry "POL"]
[SourceTitle "EXT 2024"]
[Source "ChessBase"]
[SourceDate "2023.10.10"]
[SourceVersion "1"]
[SourceVersionDate "2023.10.10"]
[SourceQuality "1"]
[WhiteTeam "United States (W)"]
[BlackTeam "Ukraine (W)"]
[WhiteTeamCountry "USA"]
[BlackTeamCountry "UKR"]

1. e4 c5 2. Nf3 Nc6 3. Nc3 e5 4. Bc4 Be7 5. d3 d6 6. 0-0 Nf6 7. Ng5 0-0 8. f4 Bg4 9. Qe1 exf4 10. Bxf4 Nd4 11. Qd2 h6 12. Nf3 Nxf3+ 13. gxf3 Bh3 14. Rfd1 Kh7 15. Be3 Nh5 16. Nd5 f5 17. Qe2 Bh4 18. Kh1 Rb8 19. a4 f4 20. Bf2 b6 21. Rg1 Rb7 22. d4 Bxf2 23. Qxf2 cxd4 24. Rad1 g5 25. Qxd4 Rg7 26. e5 dxe5 27. Qxe5 Qe8 28. Qd4 Ng3+ 29. hxg3 Qh5 30. Rg2 fxg3 31. Rxg3 Bg4+ 32. Kg1 Bxf3 33. Nf6+ Rxf6 34. Qxf6 Bxd1 35. Bd3+ Kh8 36. Qd8+ Rg8 37. Qd4+ Rg7 38. Be4 Qe8 39. Re3 Qd7 40. Bd5 Bxc2 41. Re6 Bh7 42. Qe5 Bg8 43. Rxh6+ Bh7 44. Re6 Bg8 45. Rh6+ Bh7 46. Be4 Qd1+ 47. Kh2 Qe2+ 48. Kh3 g4+ 49. Kh4 Qf2+ 50. Kh5 Qf7+ 51. Bg6 Qxg6+ 52. Rxg6 Bxg6+ 1-0

[Event "WchT (Women) Pool-B"]
[Site "Bydgoszcz"]
[Date "2023.09.06"]
[Round "2.3"]
[White "Abrahamyan, Tatev"]
[Black "Peycheva, Gergana"]
[Result "1-0"]
[WhiteElo "2262"]
[BlackElo "2287"]
[PlyCount "111"]
[EventDate "2023.09.06"]
[EventType "team (rapid)"]
[EventRounds "5"]
[EventCountry "POL"]
[SourceTitle "EXT 2024"]
[Source "ChessBase"]
[SourceDate "2023.10.10"]
[SourceVersion "1"]
[SourceVersionDate "2023.10.10"]
[SourceQuality "1"]
[WhiteTeam "United States (W)"]
[BlackTeam "Bulgaria (W)"]
[WhiteTeamCountry "USA"]
[BlackTeamCountry "BUL"]

1. e4 c6 2. Nf3 d5 3. d3 g6 4. e5 c5 5. h3 Nc6 6. c3 Bg7 7. d4 f6 8. exf6 Nxf6 9. dxc5 0-0 10. Be2 Ne4 11. Be3 e5 12. Nbd2 Nf6 13. Nb3 Qe7 14. 0-0 Kh8 15. Re1 Be6 16. Bb5 Nd7 17. Qd2 a5 18. Bg5 Qf7 19. Bh4 h6 20. Bg3 a4 21. Nc1 e4 22. Nd4 Nce5 23. Nxe6 Qxe6 24. Bxd7 Nxd7 25. Nd3 Qf7 26. Nf4 Nxc5 27. Qxd5 Qxd5 28. Nxd5 Nd3 29. Rxe4 Nxb2 30. Re7 Rad8 31. Nf4 Rfe8 32. Rxb7 Bxc3 33. Nxg6+ Kg8 34. Rc1 Rd1+ 35. Rxd1 Nxd1 36. Ne7+ Kh8 37. Nd5 Bg7 38. Ra7 a3 39. Rxa3 Nb2 40. Ra7 Nc4 41. a4 Nd2 42. Ne3 Bd4 43. Rd7 Bc3 44. h4 Ne4 45. Bf4 h5 46. Rd5 Be1 47. Rxh5+ Kg7 48. Ng4 Rd8 49. Re5 Rd4 50. h5 Bc3 51. h6+ Kg6 52. f3 Rd1+ 53. Kh2 Bxe5 54. Nxe5+ Kf5 55. fxe4+ Kxf4 56. h7 1-0

[Event "Riga Tech op-A"]
[Site "Riga"]
[Date "2023.08.12"]
[Round "8"]
[White "Abrahamyan, Tatev"]
[Black "Willow, Jonah B"]
[Result "0-1"]
[WhiteElo "2285"]
[BlackElo "2414"]
[PlyCount "78"]
[EventDate "2023.08.07"]
[EventType "swiss"]
[EventRounds "9"]
[EventCountry "LAT"]
[SourceTitle "CBM 215 Extra"]
[Source "ChessBase"]
[SourceDate "2023.09.30"]
[SourceVersion "1"]
[SourceVersionDate "2023.09.30"]
[SourceQuality "1"]

1. e4 c5 2. Nf3 Nc6 3. Nc3 g6 4. d4 cxd4 5. Nxd4 Bg7 6. Be3 Nf6 7. Bc4 d6 8. f3 Qb6 9. Nf5 Qxb2 10. Nxg7+ Kf8 11. Nd5 Nxd5 12. Bxd5 Kxg7 13. 0-0 Qc3 14. Re1 Re8 15. Rb1 Kg8 16. Rb3 Qa5 17. Qa1 Nd8 18. Bh6 e5 19. f4 Be6 20. Rd1 Qc5+ 21. Kh1 Bxd5 22. Rxd5 Qxc2 23. Rxd6 Qxe4 24. h3 Rc8 25. Rf3 Nc6 26. Rd1 Nd4 27. Re1 Qc6 28. Rxe5 Qc1+ 29. Rf1 Qxa1 30. Rxa1 f6 31. Rxe8+ Rxe8 32. g4 Re2 33. Kg1 Nf3+ 34. Kf1 Rh2 35. Rd1 Rh1+ 36. Ke2 Rxd1 37. Kxd1 Ng1 38. h4 Nf3 39. Ke2 Nh2 0-1

[Event "Titled Tuesday intern op 06th Jun Late"]
[Site "Chess.com INT"]
[Date "2023.06.06"]
[Round "4"]
[White "Abrahamyan, Tatev"]
[Black "Argandona Riveiro, Inigo"]
[Result "1-0"]
[WhiteElo "2282"]
[BlackElo "2344"]
[PlyCount "149"]
[EventDate "2023.06.06"]
[EventType "swiss (blitz)"]
[EventRounds "11"]
[EventCountry "USA"]
[SourceTitle "EXT 2024"]
[Source "ChessBase"]
[SourceDate "2023.10.10"]
[SourceVersion "1"]
[SourceVersionDate "2023.10.10"]
[SourceQuality "1"]

1. e4 d6 2. d4 Nf6 3. Nc3 e5 4. Nf3 Nbd7 5. Bc4 Be7 6. 0-0 0-0 7. a4 c6 8. Re1 b6 9. h3 a6 10. Bb3 Bb7 11. d5 cxd5 12. Nxd5 Rc8 13. c3 Nc5 14. Nxf6+ Bxf6 15. Bd5 Qc7 16. b4 Bxd5 17. exd5 Nd7 18. Bd2 Rfe8 19. Qe2 a5 20. Rac1 Qc4 21. Qxc4 Rxc4 22. Bg5 Rec8 23. Rb1 Rxc3 24. bxa5 bxa5 25. Rb7 Nc5 26. Rb6 Rxf3 27. gxf3 Bxg5 28. Rxd6 Nxa4 29. Rxe5 Bf4 30. Rc6 Rd8 31. Re4 Nc3 32. Rxc3 Bd6 33. Ra4 f5 34. Rd3 Bb4 35. Ra2 Rd6 36. Rc2 Kf7 37. Rc7+ Kf6 38. Ra7 h5 39. f4 g5 40. fxg5+ Kxg5 41. Kg2 Kf4 42. Rc7 Ke5 43. Re7+ Kf6 44. Re8 a4 45. Ra8 a3 46. Ra4 Bc5 47. Ra5 Bb6 48. Raxa3 Ke5 49. Ra1 f4 50. Re1+ Kf5 51. Kf3 h4 52. Re4 Bc7 53. Rxf4+ Kg5 54. Rg4+ Kh5 55. Rf4 Rg6 56. Rf5+ Kh6 57. d6 Bxd6 58. Rdd5 Kg7 59. Rg5 Be7 60. Rxg6+ Kxg6 61. Kg4 Kh6 62. f4 Kg6 63. Rh5 Bf6 64. f5+ Kg7 65. Rxh4 Bxh4 66. Kxh4 Kh6 67. Kg4 Kg7 68. h4 Kf7 69. Kg5 Kg7 70. h5 Kf7 71. h6 Kg8 72. Kg6 Kh8 73. f6 Kg8 74. f7+ Kf8 75. h7 1-0

[Event "Titled Tuesday intern op 06th Jun Late"]
[Site "Chess.com INT"]
[Date "2023.06.06"]
[Round "3"]
[White "Van Dael, Siem"]
[Black "Abrahamyan, Tatev"]
[Result "1-0"]
[WhiteElo "2287"]
[BlackElo "2282"]
[PlyCount "79"]
[EventDate "2023.06.06"]
[EventType "swiss (blitz)"]
[EventRounds "11"]
[EventCountry "USA"]
[SourceTitle "EXT 2024"]
[Source "ChessBase"]
[SourceDate "2023.10.10"]
[SourceVersion "1"]
[SourceVersionDate "2023.10.10"]
[SourceQuality "1"]

1. e4 e6 2. d4 d5 3. Nc3 Bb4 4. e5 c5 5. a3 Bxc3+ 6. bxc3 Ne7 7. Qg4 0-0 8. Bd3 Nbc6 9. Nf3 f5 10. Qg3 Qa5 11. Bd2 Qa4 12. 0-0 c4 13. Be2 Qxc2 14. Rfe1 Qa4 15. h4 Bd7 16. Rab1 b6 17. Bg5 Qxa3 18. Rec1 Qa6 19. h5 Kh8 20. h6 g6 21. Bf6+ Kg8 22. Qh4 Rae8 23. Ng5 Qb7 24. g4 b5 25. Kh2 b4 26. Rg1 a5 27. gxf5 Nxf5 28. Qh3 Bc8 29. Bh5 Nce7 30. Nxh7 Kxh7 31. Bxg6+ Nxg6 32. Rxg6 Kxg6 33. Rg1+ Kh7 34. Rg7+ Nxg7 35. hxg7+ Kg8 36. Qh8+ Kf7 37. gxf8Q+ Rxf8 38. Qh5+ Kg8 39. Qg6+ Qg7 40. Qxg7# 1-0

[Event "American Cup Elim (Women)"]
[Site "Saint Louis"]
[Date "2023.03.19"]
[Round "1.2"]
[White "Abrahamyan, Tatev"]
[Black "Nemcova, Katerina"]
[Result "1-0"]
[WhiteElo "2294"]
[BlackElo "2325"]
[PlyCount "107"]
[EventDate "2023.03.19"]
[EventType "k.o. (rapid)"]
[EventRounds "4"]
[EventCountry "USA"]
[SourceTitle "CBM 213 Extra"]
[Source "ChessBase"]
[SourceDate "2023.05.31"]
[SourceVersion "1"]
[SourceVersionDate "2023.05.31"]
[SourceQuality "1"]

1. e4 d5 2. exd5 Qxd5 3. Nc3 Qa5 4. d4 Nf6 5. Nf3 Bf5 6. Bc4 e6 7. Bd2 Bb4 8. a3 Bxc3 9. Bxc3 Qb6 10. Ne5 Nc6 11. 0-0 0-0 12. Nxc6 Qxc6 13. Bd3 Be4 14. f3 Bg6 15. Bxg6 hxg6 16. Qd3 Rfd8 17. Rfe1 Rd5 18. Re5 Rxe5 19. dxe5 Nd5 20. Bd4 Rd8 21. Bf2 Rd7 22. Rd1 a5 23. b3 a4 24. h3 Kf8 25. Kh2 Ke8 26. h4 Nb6 27. Qe2 Rxd1 28. Qxd1 Nd7 29. Bg3 Qc5 30. bxa4 Qxa3 31. Qb1 b6 32. Qb5 Qc5 33. c4 Qxb5 34. axb5 Nc5 35. Be1 Na4 36. Bf2 Nb2 37. c5 Nc4 38. cxb6 cxb6 39. f4 Kd7 40. g4 Kc7 41. Be1 Na3 42. Bb4 Nxb5 43. Bf8 Nd4 44. Bxg7 b5 45. Bf8 Ne2 46. f5 exf5 47. gxf5 Nd4 48. e6 fxe6 49. fxg6 Nf5 50. h5 Kd7 51. h6 Nxh6 52. Bxh6 Ke7 53. Bg5+ Kf8 54. Bf6 1-0

[Event "American Cup Champ (Women)"]
[Site "Saint Louis"]
[Date "2023.03.18"]
[Round "1.2"]
[White "Abrahamyan, Tatev"]
[Black "Krush, Irina"]
[Result "0-1"]
[WhiteElo "2294"]
[BlackElo "2432"]
[PlyCount "104"]
[EventDate "2023.03.17"]
[EventType "k.o."]
[EventRounds "5"]
[EventCountry "USA"]
[SourceTitle "CBM 213 Extra"]
[Source "ChessBase"]
[SourceDate "2023.05.31"]
[SourceVersion "1"]
[SourceVersionDate "2023.05.31"]
[SourceQuality "1"]

1. e4 c5 2. Nf3 e6 3. d4 cxd4 4. Nxd4 a6 5. Nc3 b5 6. Bd3 Bb7 7. 0-0 Nc6 8. Nxc6 Bxc6 9. a4 b4 10. Nb1 Bc5 11. Nd2 Ne7 12. Nb3 Bd6 13. Qe2 Ng6 14. f4 0-0 15. a5 Qb8 16. e5 Be7 17. Be3 d6 18. exd6 Bxd6 19. Qh5 Qb7 20. Rf2 Be4 21. Rd1 Be7 22. Bxe4 Qxe4 23. Qf3 Qxf3 24. Rxf3 Bf6 25. Bd4 Rfd8 26. g3 e5 27. fxe5 Nxe5 28. Rff1 Rac8 29. c3 bxc3 30. bxc3 Rd5 31. Bxe5 Rxe5 32. Rf3 Rb5 33. Nd4 Rxa5 34. Nf5 h5 35. Rd7 Rxc3 36. Nh6+ Kh7 37. Rxc3 Bxc3 38. Nxf7 Bf6 39. h4 Kg6 40. Kg2 Ra2+ 41. Kh3 Re2 42. Ra7 Re7 43. Nh8+ Kh7 44. Ra8 Rd7 45. Kg2 Rd8 46. Rxd8 Bxd8 47. Nf7 Bc7 48. Ng5+ Kg6 49. Ne6 Bd6 50. Kf3 a5 51. g4 hxg4+ 52. Kxg4 a4 0-1

[Event "Titled Tuesday intern op 10th Jan Late"]
[Site "Chess.com INT"]
[Date "2023.01.10"]
[Round "3"]
[White "Abrahamyan, Tatev"]
[Black "Andrews, Todd D"]
[Result "1/2-1/2"]
[WhiteElo "2294"]
[BlackElo "2187"]
[PlyCount "39"]
[EventDate "2023.01.10"]
[EventType "swiss (blitz)"]
[EventRounds "11"]
[EventCountry "USA"]
[SourceTitle "EXT 2024"]
[Source "ChessBase"]
[SourceDate "2023.10.10"]
[SourceVersion "1"]
[SourceVersionDate "2023.10.10"]
[SourceQuality "1"]

1. e4 e6 2. d4 d5 3. Nc3 Bb4 4. exd5 exd5 5. Bd3 Nc6 6. a3 Bxc3+ 7. bxc3 Nge7 8. Qh5 Be6 9. Ne2 Qd7 10. Rb1 0-0-0 11. 0-0 h6 12. Nf4 Bg4 13. Qxf7 Rdf8 14. Qxg7 Rhg8 15. Qxh6 Rh8 16. Qg5 Rfg8 17. Qf6 Rf8 18. Qg5 Rfg8 19. Qf6 Rf8 20. Qg5 1/2-1/2

[Event "Titled Tuesday intern op 10th Jan Late"]
[Site "Chess.com INT"]
[Date "2023.01.10"]
[Round "8"]
[White "Abrahamyan, Tatev"]
[Black "Martinez Reyes, Pedro Ramon"]
[Result "0-1"]
[WhiteElo "2294"]
[BlackElo "2389"]
[PlyCount "162"]
[EventDate "2023.01.10"]
[EventType "swiss (blitz)"]
[EventRounds "11"]
[EventCountry "USA"]
[SourceTitle "EXT 2024"]
[Source "ChessBase"]
[SourceDate "2023.10.10"]
[SourceVersion "1"]
[SourceVersionDate "2023.10.10"]
[SourceQuality "1"]

1. e4 e6 2. d4 d5 3. Nc3 Nf6 4. exd5 exd5 5. Bg5 Be7 6. Qd2 c6 7. 0-0-0 0-0 8. Bd3 b5 9. Nf3 b4 10. Na4 Ba6 11. Rde1 Bxd3 12. Qxd3 Ne4 13. Bxe7 Qxe7 14. Nd2 Qg5 15. h4 Qh6 16. Re2 Nd7 17. Rhe1 Nb6 18. Nc5 Nxd2 19. Qxd2 Qxh4 20. g3 Qg4 21. Qxb4 Nc4 22. b3 a5 23. Qc3 Nd6 24. a4 f5 25. Re6 Ne4 26. Nxe4 fxe4 27. Qxc6 Rad8 28. Rd6 Qg5+ 29. Kb1 Rxd6 30. Qxd6 Rxf2 31. Qe6+ Kf8 32. Qc8+ Kf7 33. Qc7+ Kg6 34. Qxa5 e3 35. Qc3 Rf3 36. a5 Qxg3 37. a6 e2 38. Qc6+ Rf6 39. Qxd5 Qxe1+ 40. Kb2 Qg3 41. Qe4+ Kh6 42. Qxe2 Qd6 43. Qd2+ g5 44. a7 Qa6 45. Qh2+ Kg6 46. Qc7 Rf1 47. Kc3 Rf3+ 48. Kb2 Rf1 49. Kc3 Ra1 50. Qd7 Qxa7 51. Qe6+ Kg7 52. Qe5+ Kf7 53. Qf5+ Ke8 54. Qxg5 Ra6 55. Qg8+ Kd7 56. Qxh7+ Kc6 57. Qg6+ Kb7 58. Qf7+ Ka8 59. Qe8+ Qb8 60. Qe4+ Qb7 61. Qe8+ Ka7 62. Kb2 Rd6 63. Qa4+ Qa6 64. Qb4 Qb6 65. Qa4+ Kb7 66. c3 Rf6 67. Qc4 Rf2+ 68. Kc1 Qd6 69. Qb5+ Kc7 70. Qa5+ Kb7 71. Qb5+ Kc8 72. Qe8+ Kc7 73. Qe3 Qf4 74. Qxf4+ Rxf4 75. Kd2 Rf3 76. Kc2 Kc6 77. b4 Kd5 78. Kb3 Rd3 79. b5 Rd1 80. Kb4 Rb1+ 81. Ka5 Kc4 0-1

[Event "Titled Tuesday intern op 03rd Jan Late"]
[Site "Chess.com INT"]
[Date "2023.01.03"]
[Round "7"]
[White "Abrahamyan, Tatev"]
[Black "Davtyan, David"]
[Result "0-1"]
[WhiteElo "2294"]
[BlackElo "2359"]
[PlyCount "76"]
[EventDate "2023.01.03"]
[EventType "swiss (blitz)"]
[EventRounds "11"]
[EventCountry "USA"]
[SourceTitle "EXT 2024"]
[Source "ChessBase"]
[SourceDate "2023.10.10"]
[SourceVersion "1"]
[SourceVersionDate "2023.10.10"]
[SourceQuality "1"]

1. e4 c6 2. Nf3 d5 3. d3 Qc7 4. exd5 cxd5 5. c4 dxc4 6. dxc4 e6 7. Nc3 Nf6 8. g3 Bb4 9. Qb3 Nc6 10. Bf4 Qa5 11. Bd2 e5 12. 0-0-0 e4 13. Re1 0-0 14. Nxe4 Nxe4 15. Bxb4 Nxb4 16. Rxe4 Nxa2+ 17. Kb1 Bf5 18. Bd3 Nb4 19. Re5 Bxd3+ 20. Qxd3 Qxe5 21. Nxe5 Nxd3 22. Nxd3 Rfe8 23. Nf4 Rad8 24. Kc2 Re4 25. Kc3 Rc8 26. b3 b5 27. Kd3 Ree8 28. Rc1 bxc4+ 29. bxc4 a5 30. Nd5 a4 31. Ra1 Ra8 32. Ra3 Reb8 33. Kc3 Kf8 34. c5 Ra5 35. Nb6 Rxc5+ 36. Kd4 Rc7 37. Nxa4 Ra7 38. Ra2 Rb4+ 0-1

[Event "Titled Tuesday intern op 03rd Jan Late"]
[Site "Chess.com INT"]
[Date "2023.01.03"]
[Round "4"]
[White "Abrahamyan, Tatev"]
[Black "Estrada Nieto, Julian"]
[Result "1-0"]
[WhiteElo "2294"]
[BlackElo "2248"]
[PlyCount "65"]
[EventDate "2023.01.03"]
[EventType "swiss (blitz)"]
[EventRounds "11"]
[EventCountry "USA"]
[SourceTitle "EXT 2024"]
[Source "ChessBase"]
[SourceDate "2023.10.10"]
[SourceVersion "1"]
[SourceVersionDate "2023.10.10"]
[SourceQuality "1"]

1. e4 e5 2. Nf3 Nc6 3. Bc4 Bc5 4. 0-0 d6 5. c3 Nf6 6. d3 a6 7. Bb3 Ba7 8. Nbd2 0-0 9. h3 h6 10. Re1 Re8 11. Nf1 Be6 12. Bc2 d5 13. Qe2 b5 14. Ng3 Qd7 15. Nh4 Bc5 16. Qf3 Nh7 17. Nhf5 Ne7 18. Bb3 dxe4 19. dxe4 Nxf5 20. Nxf5 Bxb3 21. axb3 Re6 22. Qg4 Bf8 23. Nxh6+ Kh8 24. Rd1 Qe8 25. Nf5 Rg6 26. Qf3 Rd8 27. Be3 Rd7 28. Rxd7 Qxd7 29. Rd1 Qe6 30. Rd8 Qxb3 31. Bc5 Kg8 32. Ne7+ Kh8 33. Nxg6+ 1-0

[Event "Titled Tuesday intern op 03rd Jan Late"]
[Site "Chess.com INT"]
[Date "2023.01.03"]
[Round "2"]
[White "Abrahamyan, Tatev"]
[Black "Naroditsky, Daniel"]
[Result "0-1"]
[WhiteElo "2294"]
[BlackElo "2622"]
[PlyCount "58"]
[EventDate "2023.01.03"]
[EventType "swiss (blitz)"]
[EventRounds "11"]
[EventCountry "USA"]
[SourceTitle "EXT 2024"]
[Source "ChessBase"]
[SourceDate "2023.10.10"]
[SourceVersion "1"]
[SourceVersionDate "2023.10.10"]
[SourceQuality "1"]

1. e4 c5 2. Nf3 d6 3. d4 cxd4 4. Nxd4 Nf6 5. Nc3 a6 6. f3 e5 7. Nb3 Be7 8. Be3 Be6 9. Qd2 0-0 10. 0-0-0 a5 11. Bb5 Na6 12. Kb1 Nc7 13. a4 Nxb5 14. Nxb5 d5 15. exd5 Nxd5 16. Qf2 Rc8 17. Nc5 Bf5 18. Ne4 Qd7 19. g4 Bg6 20. h4 Qe6 21. h5 Nb4 22. hxg6 Qa2+ 23. Kc1 Qa1+ 24. Kd2 Rxc2+ 25. Ke1 Nd3+ 26. Kf1 Qxd1+ 27. Kg2 Nxf2 28. Nxf2 Qxh1+ 29. Kxh1 fxg6 0-1

[Event "Titled Tuesday intern op 03rd Jan Late"]
[Site "Chess.com INT"]
[Date "2023.01.03"]
[Round "8"]
[White "Mei, Austin"]
[Black "Abrahamyan, Tatev"]
[Result "0-1"]
[WhiteElo "2158"]
[BlackElo "2294"]
[PlyCount "104"]
[EventDate "2023.01.03"]
[EventType "swiss (blitz)"]
[EventRounds "11"]
[EventCountry "USA"]
[SourceTitle "EXT 2024"]
[Source "ChessBase"]
[SourceDate "2023.10.10"]
[SourceVersion "1"]
[SourceVersionDate "2023.10.10"]
[SourceQuality "1"]

1. e4 e6 2. d4 d5 3. e5 c5 4. c3 Nc6 5. Nf3 Bd7 6. a3 Rc8 7. b4 cxd4 8. cxd4 Qb6 9. Be2 Nge7 10. 0-0 Nf5 11. Bb2 Na5 12. Nbd2 Nc4 13. Nxc4 dxc4 14. Bc3 Ne7 15. d5 Nxd5 16. Bd4 Qa6 17. Qd2 Be7 18. Rfc1 0-0 19. h4 b5 20. h5 h6 21. Qc2 Rfd8 22. Qe4 Bc6 23. Qg4 Qb7 24. Bd1 Rd7 25. Bc2 Rcd8 26. Rd1 Kf8 27. Bc5 Bxc5 28. bxc5 Nc3 29. Rxd7 Qxd7 30. a4 Bxf3 31. Qxf3 b4 32. c6 Qd4 33. Bg6 Ne2+ 34. Qxe2 Qxa1+ 35. Kh2 fxg6 36. hxg6 Qd4 37. Qf3+ Kg8 38. Qf7+ Kh8 39. Qxe6 Qh4+ 40. Qh3 Qxh3+ 41. Kxh3 Rc8 42. f4 Rxc6 43. f5 Kg8 44. e6 c3 45. e7 Rc8 46. f6 gxf6 47. Kg4 c2 48. Kf5 c1Q 49. Kxf6 Qf4+ 50. Ke6 Rc6+ 51. Kd7 Qd6+ 52. Ke8 Rc8# 0-1